=LDR 00000nam 2200000 4500 =001 000672 =005 20250711022335 =035 ##$$a 0010-0725000540 =007 ta =008 250711################a##########0#ind## =082 ##$$a 398.209 598 =084 ##$$a 398.209 598 FAG d =100 #$$a Fagan Melissa =245 1#$$a Di Mana Aldo? /$c Melissa Fagan =250 ##$$a Cetakan Pertama 2024 =260 ##$$a Jakarta :$b Badan Pengembangan dan Pembinaan Bahasa,$c 2022 =300 ##$$a 28 hlm : $b Ilus. ; $c 22,9 cm =650 #4$$a Cerita Anak Indonesia - Terjemahan =650 #4$$a Literasi- Bahan Bacaan =990 ##$$a TBM202400447